000 00664nam a2200217 i 4500
001 67320
003 ES-MaACL
005 20230906170036.0
007 t|
008 040518s2002 mx ||||1| spa d
020 _a968-5122-45-8
080 _a821.134.2(72) Benítez, Fernando 1.06
080 _a929 Benítez, Fernando
100 1 _aGlockner, Fritz.
_957445
245 1 0 _aColeccionista de estrellas
_b: (Fernando Benítez en Tonantzintla) /
_cFritz Glockner.
250 _a[1ª ed.].
260 _aPuebla :
_bSecretaría de Cultura,
_c2002.
300 _a131 p. ;
_c21 cm.
600 1 4 _aBenítez, Fernando.
_927602
852 _aES-MaACL
_jL-27556
_bR.133255
999 _c67320
_d67320